ARRUPE JESUIT UNIVERSITY

CORONAVIRUS -STOP THE SPREAD - CLEAN,DISINFECT,COVER

African life and customs / (Record no. 124229)

MARC details
000 -LEADER
fixed length control field 01038cam a2200349 a 4500
001 - CONTROL NUMBER
control field 7244766
003 - CONTROL NUMBER IDENTIFIER
control field ARRUPE
005 - DATE AND TIME OF LATEST TRANSACTION
control field 20160226150055.0
008 - FIXED-LENGTH DATA ELEMENTS--GENERAL INFORMATION
fixed length control field 941018r19941908mdu 000 0 eng d
020 ## - INTERNATIONAL STANDARD BOOK NUMBER
International Standard Book Number 0933121431
022 ## - INTERNATIONAL STANDARD SERIAL NUMBER
International Standard Serial Number 9781631821011
024 ## - OTHER STANDARD IDENTIFIER
Standard number or code 99934279606
035 ## - SYSTEM CONTROL NUMBER
System control number (OCoLC)30592133
035 ## - SYSTEM CONTROL NUMBER
System control number (OCoLC)30592133
035 ## - SYSTEM CONTROL NUMBER
System control number (OCoLC)ocm30592133\
035 ## - SYSTEM CONTROL NUMBER
System control number (NNC)7244766
040 ## - CATALOGING SOURCE
Original cataloging agency Baker & Taylor
Transcribing agency Baker & Taylor
050 14 - LIBRARY OF CONGRESS CALL NUMBER
Classification number DT14
Item number .B5
082 04 - DEWEY DECIMAL CLASSIFICATION NUMBER
Classification number 967
Edition number 20
300 ## - PHYSICAL DESCRIPTION
Dimensions 22 cm.
100 1# - MAIN ENTRY--PERSONAL NAME
Personal name Blyden, Edward Wilmot,
Dates associated with a name 1832-1912.
9 (RLIN) 22511
245 10 - TITLE STATEMENT
Title African life and customs /
Statement of responsibility, etc Edward Wilmot Blyden.
260 ## - PUBLICATION, DISTRIBUTION, ETC. (IMPRINT)
Place of publication, distribution, etc Illinois
Name of publisher, distributor, etc Lashena Books
Date of publication, distribution, etc 2014
300 ## - PHYSICAL DESCRIPTION
Extent 87p. ;
500 ## - GENERAL NOTE
General note "First published 1908 Sierra Leone Weekly News"--T.p. verso.
650 ## - SUBJECT ADDED ENTRY--TOPICAL TERM
Topical term or geographic name as entry element Millions
Geographic subdivision Africa
9 (RLIN) 22513
651 #0 - SUBJECT ADDED ENTRY--GEOGRAPHIC NAME
Geographic name Africa
General subdivision Social conditions
9 (RLIN) 22514
730 0# - ADDED ENTRY--UNIFORM TITLE
Uniform title Sierra Leone Weekly News.
9 (RLIN) 22515
942 ## - ADDED ENTRY ELEMENTS (KOHA)
Source of classification or shelving scheme Library of Congress Classification
Koha item type Monograph ( Printed materials)
948 1# - LOCAL PROCESSING INFORMATION (OCLC); SERIES PART DESIGNATOR (RLIN)
Series part designator, SPT (RLIN) 20090807
b (OCLC) c
c (OCLC) sl13
d (OCLC) MPS
948 1# - LOCAL PROCESSING INFORMATION (OCLC); SERIES PART DESIGNATOR (RLIN)
Series part designator, SPT (RLIN) 20090818
b (OCLC) c
c (OCLC) hew2
d (OCLC) MPS
Holdings
Withdrawn status Lost status Source of classification or shelving scheme Damaged status Not for loan Collection code Home library Current library Shelving location Date acquired Total Checkouts Full call number Barcode Date last seen Date checked out Price effective from Koha item type
    Library of Congress Classification     Main Collection ARRUPE LIBRARY ARRUPE LIBRARY Main Collection 26/02/2016 2 DT14.B5 46500006769 30/09/2022 21/09/2022 26/02/2016 Monograph ( Printed materials)

 

Arrupe Library. PO Box MP320 Mt Pleasant, Harare, Zimbabwe
263 242 745411|librarian@aju.ac.zw